Compiladores: principios, técnicas y herramientas
Guardat en:
| Autors principals: | , , |
|---|---|
| Format: | Llibre |
| Idioma: | espanyol |
| Publicat: |
Wilmington
Addison-Wesley Iberoamericana
1990
|
| Matèries: | |
| Etiquetes: |
Afegir etiqueta
Sense etiquetes, Sigues el primer a etiquetar aquest registre!
|
MARC
| LEADER | 00000nam a2200000 a 4500 | ||
|---|---|---|---|
| 001 | UCT3916 | ||
| 003 | CL-VaPUC | ||
| 008 | 961031e19900000US |||||||||||||||||spa|d | ||
| 082 | 0 | 4 | |a 005.453 |b AHO |2 21 |
| 100 | 0 | |a Aho, Alfred V |e author |9 372984 | |
| 700 | 0 | |a Sethi, Ravi |e author |9 372985 | |
| 700 | 0 | |a Ullman, Jeffrey D |e author |9 372986 | |
| 245 | 1 | 0 | |a Compiladores: principios, técnicas y herramientas |
| 300 | |a 820 p | ||
| 942 | |c BK | ||
| 945 | |d 19961031 00:00:00 |a nastorga | ||
| 260 | |a Wilmington |b Addison-Wesley Iberoamericana |c 1990 | ||
| 650 | 7 | |a COMPILADORES |2 CL-VaPUC |9 259529 | |
| 650 | 0 | |a Traductores |9 357262 | |
| 650 | 0 | |a Programación de computadores |9 259531 | |
| 650 | 0 | |a Lenguajes de programación |9 259458 | |
| 583 | |a last modification |c 20150107 10:26:06 |k Rodrigo Vera | ||
| 999 | |c 253418 |d 253416 | ||
| 952 | |0 0 |1 0 |4 0 |6 005_453000000000000_AHO_1990 |7 0 |8 A |9 274254 |a BIBING |b BIBING |d 2019-11-19 |i 3247090 |l 1 |o 005.453 AHO 1990 |p 3247090 |r 2025-01-20 |s 2020-07-28 |w 2019-11-19 |y BK |k CCI | ||
| 952 | |0 0 |1 0 |4 0 |6 005_453000000000000_AHO_1990 |7 0 |8 A |9 274255 |a BIBING |b BIBING |d 2019-11-19 |i 3247104 |o 005.453 AHO 1990 |p 3247104 |r 2025-01-20 |w 2019-11-19 |y BK |k CCI | ||
| 952 | |0 0 |1 0 |4 0 |6 005_453000000000000_AHO_1990 |7 0 |8 A |9 274256 |a BIBING |b BIBING |d 2019-11-19 |i 3247112 |l 1 |o 005.453 AHO 1990 |p 3247112 |r 2025-04-10 |s 2025-04-04 |w 2019-11-19 |y BK |k CCI | ||